| 000 | 00549nam a22001577a 4500 | ||
|---|---|---|---|
| 003 | OSt | ||
| 005 | 20140310181755.0 | ||
| 008 | 130629t xxu||||| |||| 00| 0 eng d | ||
| 050 |
_aAP 8 _b.So686 1996 |
||
| 082 |
_2FIL 959.905 _bSo4 1996 |
||
| 245 |
_aLa Solidaridad / _ctranslated by Guadalupe Flores-Guanzon. |
||
| 260 |
_aPasig City, Metro Manila : _bFundacion Santiago, _c1996. |
||
| 300 |
_axxiv. 573 p. ; _avi. 621 p. ; _avii. 651 p. ; _avii. 637 p. ; _avii. 615 p. ; _aviii. 597 p. ; _avi. 413 p. ; _c29 cm. |
||
| 562 | _e1 | ||
| 942 |
_2lcc _cBK _kFIL |
||
| 999 |
_c3403 _d3403 |
||